Statistiques concernant Culture Générale - Série 1663

Cliquez ici pour prendre le quiz!

Statistiques générales

  • Ce quiz a été pris 81 fois
  • Le résultat moyen est 6 sur 10

Statistiques - réponses

QuestionRéponse% Correct
Quel local souterrain situé sous une habitation, pouvant être "à vins", "à liqueurs" ou "à cigares", vient du latin signifiant "creux" ?cave
92%
Chez un enfant, que sont les quenottes ?dents
90%
D'après le titre d'un dessin animé, quel gentil être surnaturel est Casper ?fantôme
85%
Quel mot anglais signifiant "vestiaire" désigne la petite pièce attenante à une chambre à coucher, aménagée pour ranger des vêtements ?dressing
79%
Familièrement, la petite valise contenant le nécessaire pour passer la nuit hors de chez soi est un baise-en-...ville
67%
Quel écrivain français a refusé le prix Nobel de Littérature, en 1964 ?Jean-Paul Sartre
62%
Sur la Côte d'Azur, quelle célèbre baie s'étend de Nice au cap d'Antibes ?baie des anges
59%
Quelle grande île est séparée du continent australien par le détroit de Bass ?Tasmanie
49%
Comment appelle-t-on une région où les champs sont entourés de talus et de haies ?bocage
45%
Quelle reine d'Angleterre et d'Irlande, fille de Henri VIII, était surnommée "bloody mary" ?Mary Tudor
21%

Distribution des résultats

Percentile par nombre de réponses

% des personnes avec chaque résultat

Votre développement - résultats

Vous n’avez pas pris ce quiz